Facts in focus

Gorde:
Xehetasun bibliografikoak
Erakunde egilea: Central Statistical Office
Formatua: Liburua
Hizkuntza:Undetermined
Argitaratua: Harmondsworth Penguin 1972
Etiketak: Etiketa erantsi
Etiketarik gabe, Izan zaitez lehena erregistro honi etiketa jartzen!
Thư viện lưu trữ: Trung tâm Học liệu Trường Đại học Cần Thơ
LEADER 00459nam a2200169Ia 4500
001 CTU_104821
008 210402s9999 xx 000 0 und d
082 |a 314.1 
082 |b C397 
110 |a Central Statistical Office 
245 0 |a Facts in focus 
245 0 |c compiled by the Central Statistical Office. 
260 |a Harmondsworth 
260 |b Penguin 
260 |c 1972 
904 |i Năm 
980 |a Trung tâm Học liệu Trường Đại học Cần Thơ